北京地铁亦庄线地铁站 - Statistics

General Stats
  • This quiz has been taken 10 times
  • The average score is 13 of 14
Answer Stats
Transfers Stations % Correct
5号线 10号线 宋家庄
100%
肖村
100%
小红门
100%
荣京东街
100%
亦庄T1线 荣昌东街
100%
经海路
100%
次渠南
100%
17号线 次渠
100%
亦庄火车站
100%
旧宫
88%
亦庄桥
88%
亦庄文化园
88%
同济南路
88%
万源街
75%
No matching quizzes found
Score Distribution
Percent of People with Each Score
Percentile by Number Answered
Your Score History
You have not taken this quiz